[Event "25th Bosnjaci Open 2020"]
[Site "Bosnjaci"]
[Date "2020.01.05"]
[Round "4.5"]
[White "Muratovic, Efim"]
[Black "Borzan, Andrej"]
[Result "1-0"]
[WhiteElo "2394"]
[BlackElo "1970"]
[Annotator "TA"]
[PlyCount "113"]
[EventDate "2020.01.03"]
[EventType "swiss"]
[EventCountry "CRO"]
[SourceTitle "playchess.com"]
[Source "ChessBase"]
[SourceQuality "1"]

{[%evp 22,113,0,-8,1,-2,-2,-27,0,0,14,0,5,0,10,7,20,15,11,0,0,0,0,0,0,-37,-39,-32,-31,-28,-3,-6,-16,-19,-8,-8,-8,-8,36,40,36,45,56,32,62,38,68,28,22,22,22,29,29,29,52,52,83,67,105,97,140,47,42,14,14,14,40,14,276,282,275,252,293,288,450,441,456,455,442,447,439,432,398,385,504,0,407,407,404,220,216,193,647,364]} 1. d4 d5 2. c4 e6 3. Nf3 Nf6 4. Bg5 Be7 5. Nc3 O-O 6. e3 h6 7. Bh4 b6 8. cxd5 Nxd5 9. Bxe7 Qxe7 10. Be2 Bb7 11. O-O Rc8 12. Rc1 Nd7 {D59: Queen's Gambit Declined: Tartakower Defence: Main line (8 cxd5 Nxd5)} (12... Nxc3 13. Rxc3 Nd7 14. Qa4 c5 15. Rfc1 cxd4 16. Rxc8+ Rxc8 17. Rxc8+ Bxc8 18. Nxd4 Nc5 19. Qa3 a5 20. Nb3 e5 21. Nxc5 Qxc5 22. Qxc5 bxc5 {½-½ (31) Akobian,V (2640)-Ganguly,S (2657) Saint Louis 2018}) 13. Qa4 c5 14. Ba6 N7f6 {Black has an edge.} 15. Nxd5 exd5 16. dxc5 bxc5 17. b3 $146 ({Predecessor:} 17. Rfd1 Bxa6 18. Qxa6 Qe6 19. Qa3 Qb6 20. Rd3 {1-0 (60) Kholmov,R-Bondarevsky,I Sochi 1964}) 17... Rab8 18. Rfd1 Qe6 19. Bxb7 Rxb7 20. Qa5 Qb6 21. Qc3 Rbc7 22. Qe5 a5 {[%cal Ba7a5,Ba5a4][%mdl 32]} 23. h4 a4 24. Rc3 Re8 25. Qf5 Qa5 26. Rdc1 axb3 27. axb3 Rec8 28. g4 Qb4 29. g5 Qg4+ (29... hxg5 {is more complex.} 30. hxg5 Qe4 31. Qxe4 Nxe4 32. Rd3 c4) 30. Qxg4 Nxg4 31. Kg2 h5 32. Rd1 Rd8 33. b4 Rdc8 34. bxc5 Rxc5 35. Rcd3 Rc2 36. R1d2 Rxd2 37. Rxd2 $11 {[%mdl 4096] Endgame KRN-KRN} Rc5 38. Kg3 Kf8 39. Kf4 Rc4+ 40. Nd4 $1 {Hoping for f3.} f6 41. f3 (41. Kf5 $16) 41... Ne5 $14 42. gxf6 gxf6 43. Kf5 Kf7 $1 44. Rb2 {Strongly threatening Rb7+.} Rc7 $2 {[%mdl 8192] [#]} (44... Ng6 $11 {and Black has nothing to worry.}) 45. Rb6 $1 $18 {[%cal Rb6f6]} Nd7 46. Rd6 Ke7 47. Re6+ ({Much less strong is} 47. Rxd5 $6 Nb6 $18) 47... Kf7 (47... Kf8 $142 48. Rxf6+ Kg8) 48. Nb5 Rc5 {Threatens to win with ...d4+.} 49. Nd6+ Kg8 {intending ...d4+.} 50. Re8+ Nf8 51. Kxf6 Rc6 52. Ke5 Rc5 53. Kf6 Rc6 {[#]} 54. Rd8 $1 Kh7 55. Ke5 ({Don't do} 55. Rxf8 Rxd6+ 56. Ke5 Ra6 $18) (55. f4 $142) 55... Ng6+ 56. Kxd5 Ne7+ $2 (56... Rc3) 57. Ke4 {Accuracy: White = 42%, Black = 34%.} 1-0

[Event "25th Bosnjaci Open 2020"]
[Site "Bosnjaci"]
[Date "2020.01.06"]
[Round "4.7"]
[White "Klasan, Vladimir"]
[Black "Matanovic, Nikola"]
[Result "1-0"]
[WhiteElo "2342"]
[BlackElo "1933"]
[Annotator "TA"]
[PlyCount "15"]
[EventDate "2020.01.03"]
[EventType "swiss"]
[EventCountry "CRO"]
[SourceTitle "playchess.com"]
[Source "ChessBase"]
[SourceQuality "1"]

{[%evp 9,15,15,42,13,98,85,702,710]} 1. e4 c5 2. Nf3 Nc6 3. Nc3 e6 4. d4 cxd4 5. Nxd4 Bc5 6. Be3 {[#] Black must now prevent Nxc6. B45: Sicilian Four Knights} Nxd4 (6... Qb6 $1 $11 7. Na4 Qa5+ 8. Nc3 Bb4) (6... Qb6 7. Ndb5 Bxe3 8. fxe3 a6 9. Nd6+ Kf8 10. Qd2 Qxb2 11. Rd1 b5 12. Be2 Nf6 13. O-O Qb4 14. a4 bxa4 {1-0 (48) Godart,F (2431)-Polivanov,A (2364) Saint Quentin 2019}) 7. Bxd4 $16 Nf6 $146 {[%mdl 8192]} (7... Qb6 $16 8. Bxc5 Qxc5) ({Predecessor:} 7... Bxd4 8. Qxd4 Nf6 9. Be2 O-O 10. e5 Ne8 11. O-O b6 12. Qe4 Rb8 13. Bd3 g6 {1-0 (56) Sibaja Maestre,W (1251)-Smith Ibarra,A (1600) Riohacha 2019}) 8. Bxc5 1-0

[Event "25th Bosnjaci Open 2020"]
[Site "Bosnjaci"]
[Date "2020.01.05"]
[Round "4.8"]
[White "Petricevic, Ivan"]
[Black "Bobanac, Miro"]
[Result "0-1"]
[WhiteElo "1942"]
[BlackElo "2218"]
[Annotator "NA"]
[PlyCount "70"]
[EventDate "2020.01.03"]
[EventType "swiss"]
[EventCountry "CRO"]
[SourceTitle "playchess.com"]
[Source "ChessBase"]
[SourceQuality "1"]
[TimeControl "5400+30"]

1. d4 {[%emt 0:00:30]} Nf6 {[%emt 0:00:30]} 2. Nc3 {[%emt 0:00:30]} d5 {[%emt 0:01:30]} 3. Nf3 {[%emt 0:01:30]} Bf5 {[%emt 0:01:30]} 4. Bf4 {[%emt 0:03:30]} e6 {[%emt 0:01:30]} 5. Nh4 {[%emt 0:02:30]} Bg6 {[%emt 0:02:30]} 6. Nxg6 {[%emt 0:13:30]} hxg6 {[%emt 0:00:30]} 7. Qd3 {[%emt 0:00:30]} c6 {[%emt 0:06:30]} 8. O-O-O {[%emt 0:03:30]} Bd6 {[%emt 0:05:30]} 9. Bxd6 $15 {[%emt 0:02:30]} Qxd6 {[%emt 0:00:30]} 10. g3 {[%emt 0:13:30]} Ng4 {[%emt 0:04:30]} 11. Qf3 {[%emt 0:00:30]} Rxh2 {[%emt 0:00:30]} 12. Bg2 {[%emt 0:00:30]} Rxh1 {[%emt 0:03:30]} 13. Rxh1 {[%emt 0:01:30]} Nh6 {[%emt 0:00:30]} 14. e4 {[%emt 0:01:30]} Nd7 {[%emt 0:00:30]} 15. g4 {[%emt 0:01:30]} g5 {[%emt 0:06:30]} 16. exd5 {[%emt 0:18:30]} cxd5 {[%emt 0:08:30]} 17. Nb5 {[%emt 0:00:30]} Qb6 {[%emt 0:01:30]} 18. Bf1 {[%emt 0:02:30]} a6 {[%emt 0:00:30]} 19. Qa3 {[%emt 0:00:30]} O-O-O {[%emt 0:02:30]} 20. Nd6+ {[%emt 0:01:30]} Kb8 {[%emt 0:01:30]} 21. Rh3 {[%emt 0:00:00]} Qxd4 {[%emt 0:05:30]} 22. Nxb7 {[%emt 0:10:00]} Rc8 {[%emt 0:15:30]} 23. Rb3 {[%emt 0:13:15]} Nb6 {[%emt 0:05:30]} 24. Qxa6 {[%emt 0:00:39]} Qxf2 {[%emt 0:00:30]} 25. Be2 {[%emt 0:01:46]} Kc7 {[%emt 0:06:04]} 26. Na5 {[%emt 0:00:14]} Rb8 {[%emt 0:02:35]} 27. Rc3+ {[%emt 0:02:37]} Kd6 {[%emt 0:00:53]} 28. Qa7 {[%emt 0:01:53]} Rc8 {[%emt 0:02:33]} 29. Rxc8 {[%emt 0:00:25]} Qe1+ {[%emt 0:00:11]} 30. Bd1 {[%emt 0:00:12]} Nxc8 {[%emt 0:00:04]} 31. Qb8+ {[%emt 0:00:34]} Ke7 {[%emt 0:03:47]} 32. b4 {[%emt 0:02:40]} Qe3+ {[%emt 0:00:32]} 33. Kb1 {[%emt 0:00:27]} Nb6 {[%emt 0:00:17]} 34. Nc6+ {[%emt 0:00:46]} Kf6 {[%emt 0:03:39]} 35. a4 {[%emt 0:00:06]} Nxa4 {[%emt 0:01:30]} 0-1

[Event "25th Bosnjaci Open 2020"]
[Site "Bosnjaci"]
[Date "2020.01.05"]
[Round "4.10"]
[White "Kovacevic, Blazimir"]
[Black "Boban, Sten"]
[Result "1-0"]
[WhiteElo "2451"]
[BlackElo "2078"]
[Annotator "ChessBase"]
[PlyCount "125"]
[EventDate "2020.01.03"]
[EventType "swiss"]
[EventCountry "CRO"]
[SourceTitle "playchess.com"]
[Source "ChessBase"]
[SourceQuality "1"]
[TimeControl "5400+30"]

1. c4 {[%emt 0:00:30]} e6 {[%emt 0:00:30]} 2. g3 {[%emt 0:00:30]} Nf6 {[%emt 0:01:30]} 3. Bg2 {[%emt 0:00:00]} d5 {[%emt 0:00:30]} 4. Nf3 {[%emt 0:00:00]} Be7 {[%emt 0:04:30]} 5. O-O {[%emt 0:00:30]} O-O {[%emt 0:00:30]} 6. b3 {[%emt 0:00:30]} c6 {[%emt 0:01:30]} 7. Bb2 {[%emt 0:00:30]} Nbd7 {[%emt 0:00:30]} 8. d3 {[%emt 0:07:30]} Re8 {[%emt 0:03:30]} 9. Nbd2 {[%emt 0:03:30]} a5 {[%emt 0:10:30]} 10. e4 {[%emt 0:02:30]} dxe4 {[%emt 0:14:30]} 11. dxe4 {[%emt 0:00:00]} e5 {[%emt 0:01:30]} 12. Nxe5 {[%emt 0:14:00]} Nxe5 {[%emt 0:01:30]} 13. Bxe5 {[%emt 0:00:30]} Bb4 {[%emt 0:00:00]} 14. Bf4 {[%emt 0:09:30]} Bxd2 {[%emt 0:12:00]} 15. Bxd2 {[%emt 0:03:30]} Nxe4 {[%emt 0:00:30]} 16. Be3 {[%emt 0:00:00]} Qf6 {[%emt 0:08:30]} 17. Bd4 {[%emt 0:05:00]} Qg6 {[%emt 0:01:30]} 18. Re1 {[%emt 0:01:30]} Bf5 {[%emt 0:00:30]} 19. Qe2 {[%emt 0:05:30]} Re6 {[%emt 0:04:30]} 20. Qb2 {[%emt 0:03:30]} Rae8 {[%emt 0:01:30]} 21. f3 {[%emt 0:05:30]} Ng5 {[%emt 0:11:20]} 22. Rxe6 {[%emt 0:02:30]} Nxe6 {[%emt 0:04:46]} 23. Bb6 {[%emt 0:03:30]} Bd3 {[%emt 0:06:06]} 24. Qc3 {[%emt 0:13:38]} a4 {[%emt 0:04:10]} 25. bxa4 {[%emt 0:06:48]} h5 {[%emt 0:00:30]} 26. Re1 {[%emt 0:03:38]} Ra8 {[%emt 0:02:26]} 27. a5 {[%emt 0:00:31]} h4 {[%emt 0:00:05]} 28. Kf2 {[%emt 0:02:35]} hxg3+ {[%emt 0:00:40]} 29. hxg3 {[%emt 0:00:34]} Bb1 {[%emt 0:00:30]} 30. f4 {[%emt 0:00:23]} Bf5 {[%emt 0:01:57]} 31. Qe5 {[%emt 0:03:16]} Bd3 {[%emt 0:00:36]} 32. Re3 {[%emt 0:01:43]} Bf5 {[%emt 0:01:58]} 33. Re1 {[%emt 0:00:55]} Bd3 {[%emt 0:00:11]} 34. Be4 {[%emt 0:01:20]} Bxe4 {[%emt 0:00:15]} 35. Qxe4 {[%emt 0:00:04]} Qf6 {[%emt 0:00:20]} 36. Kg2 {[%emt 0:00:33]} Qb2+ {[%emt 0:00:48]} 37. Re2 {[%emt 0:00:20]} Qf6 {[%emt 0:00:47]} 38. Qe5 {[%emt 0:00:28]} Qxe5 {[%emt 0:00:49]} 39. Rxe5 {[%emt 0:00:08]} g6 {[%emt 0:00:04]} 40. Kf3 {[%emt 0:00:38]} Kg7 {[%emt 0:00:25]} 41. Re2 {[%emt 0:00:26]} Kf6 {[%emt 0:00:38]} 42. Rd2 {[%emt 0:01:48]} Ke7 {[%emt 0:00:10]} 43. Rh2 {[%emt 0:00:05]} Kf6 {[%emt 0:00:27]} 44. g4 {[%emt 0:00:09]} Re8 {[%emt 0:00:47]} 45. Rd2 {[%emt 0:01:17]} Re7 {[%emt 0:01:07]} 46. Rd6 {[%emt 0:00:27]} Kg7 {[%emt 0:00:27]} 47. a6 {[%emt 0:00:41]} bxa6 {[%emt 0:00:17]} 48. Rxc6 {[%emt 0:00:04]} Rb7 {[%emt 0:00:29]} 49. a4 {[%emt 0:00:24]} Rd7 {[%emt 0:00:36]} 50. f5 {[%emt 0:00:34]} Nd4+ {[%emt 0:00:27]} 51. Bxd4+ {[%emt 0:00:07]} Rxd4 {[%emt 0:00:03]} 52. fxg6 {[%emt 0:00:40]} fxg6 {[%emt 0:00:14]} 53. g5 {[%emt 0:00:04]} Kf7 {[%emt 0:00:14]} 54. a5 {[%emt 0:01:01]} Ke7 {[%emt 0:00:58]} 55. Rxg6 {[%emt 0:01:06]} Rxc4 {[%emt 0:00:06]} 56. Rxa6 {[%emt 0:00:00]} Kf7 {[%emt 0:00:49]} 57. Rb6 {[%emt 0:00:45]} Rc3+ {[%emt 0:01:16]} 58. Kg4 {[%emt 0:00:18]} Ra3 {[%emt 0:00:14]} 59. a6 {[%emt 0:00:24]} Kg7 {[%emt 0:00:05]} 60. Kf4 {[%emt 0:00:39]} Ra5 {[%emt 0:00:54]} 61. g6 {[%emt 0:00:12]} Kf8 {[%emt 0:00:36]} 62. Re6 {[%emt 0:00:27]} Kg7 {[%emt 0:00:15]} 63. Ke4 {[%emt 0:00:03]} 1-0

[Event "25th Bosnjaci Open 2020"]
[Site "Bosnjaci"]
[Date "2020.01.05"]
[Round "4.11"]
[White "Jakovljevic, Vlado"]
[Black "Ascic, Anto"]
[Result "1/2-1/2"]
[WhiteElo "2351"]
[BlackElo "2066"]
[Annotator "TA"]
[PlyCount "114"]
[EventDate "2020.01.03"]
[EventType "swiss"]
[EventCountry "CRO"]
[SourceTitle "playchess.com"]
[Source "ChessBase"]
[SourceQuality "1"]

{[%evp 13,114,27,30,20,43,25,25,10,8,12,18,13,53,29,18,0,0,0,27,-12,-22,-47,-37,-37,-37,-37,-35,-39,-29,-35,-42,-29,-14,-21,-33,-110,-100,-143,-52,-47,-43,-42,0,-25,-22,-22,-22,-22,-23,-62,-49,-52,-59,-58,-55,-51,1,-59,100,109,140,144,146,0,0,0,0,0,0,-53,-56,-58,-64,-64,-18,-26,-8,-51,-13,-17,-8,-8,-8,-8,-8,-13,-13,-18,0,0,0,0,-2,-12,-12,-17,-8,-8,0,0,0,0,0]} 1. Nf3 d5 2. d4 Nf6 3. c4 e6 4. Nc3 Nbd7 5. Bg5 c6 6. e3 Qa5 7. cxd5 Nxd5 8. Rc1 {D52: Queen's Gambit Declined: Cambridge Springs Variation} Bb4 {[%cal Rd5c3]} 9. a3 Bxc3+ 10. bxc3 {White has an edge.} h6 11. Bh4 $1 Qxa3 12. Qd2 Qa5 $146 ({Predecessor:} 12... b5 13. Bd3 O-O 14. O-O Bb7 15. c4 bxc4 16. Bxc4 {1-0 (59) Kramnik,V (2790)-Shirov,A (2739) Moscow 2010}) 13. Bd3 c5 $1 14. O-O cxd4 $1 15. exd4 O-O 16. Bg3 b5 17. Qb2 a6 18. c4 bxc4 19. Rxc4 Qb6 20. Qa3 Bb7 21. Rb1 Qa7 22. Qb3 N7b6 23. Rc5 a5 {[%cal Ba6a5,Ba5a4][%mdl 32]} 24. Ra1 ({White should play} 24. Bd6 $15) 24... a4 $17 25. Qa3 Ba6 (25... Nd7 $17 26. Rc2 Rfc8) 26. Be4 Rfc8 27. Ne5 Nc4 28. Nxc4 {[#] And now Nd6 would win.} Rxc5 29. dxc5 Bxc4 30. c6 $1 Qd4 31. Bxd5 Bxd5 32. c7 e5 33. Rc1 Be6 34. h3 Kh7 (34... Rc8 $1 $15) 35. Kh1 (35. Qf3 $11 e4 36. Qa3) 35... h5 $2 (35... f6 $15) 36. Qf3 $1 $16 {[%csl LRa8,LRh5][%mdl 64] [#] Double Attack} Rc8 37. Qxh5+ Kg8 38. Qxe5 ({White should try} 38. Bxe5 $16 Qxf2 39. Rd1) 38... Qxe5 $11 39. Bxe5 $16 {[%mdl 4096] Endgame KRB-KRB} a3 40. g4 f6 41. Bg3 (41. Bd4 $11) 41... a2 $15 {[%mdl 1024] Black has compensation.} 42. Kg2 Ra8 43. Ra1 g5 44. f4 Kf7 45. Kf2 Ke7 46. f5 {The position is equal.} Bd5 47. h4 gxh4 48. Bxh4 Bb7 49. Re1+ Kf7 50. Ra1 Ra3 51. Ke2 Ra4 52. Bf2 Ke7 53. Kd3 (53. Bb6 {seems wilder.} Kd7 54. Ke3 Ra3+ 55. Kf2 Ra6 56. Bd4) 53... Kd7 54. Bd4 Kxc7 55. Bxf6 Rxg4 56. Rxa2 Be4+ 57. Ke3 Bxf5 {Accuracy: White = 52%, Black = 53%.} 1/2-1/2

[Event "25th Bosnjaci Open 2020"]
[Site "Bosnjaci"]
[Date "2020.01.05"]
[Round "4.12"]
[White "Stocko, Josip"]
[Black "Takac, Zvonko"]
[Result "1-0"]
[WhiteElo "2262"]
[BlackElo "2066"]
[Annotator "NA"]
[PlyCount "101"]
[EventDate "2020.01.03"]
[EventType "swiss"]
[EventCountry "CRO"]
[SourceTitle "playchess.com"]
[Source "ChessBase"]
[SourceQuality "1"]
[TimeControl "5400+30"]

1. d4 {[%emt 0:04:30]} Nf6 {[%emt 0:00:30]} 2. Bf4 {[%emt 0:00:30]} d5 {[%emt 0:00:30]} 3. e3 {[%emt 0:01:30]} e6 {[%emt 0:00:30]} 4. Nc3 {[%emt 0:00:30]} Bd6 {[%emt 0:00:30]} 5. Bd3 {[%emt 0:01:30]} Bxf4 {[%emt 0:01:30]} 6. exf4 {[%emt 0:03:30]} O-O {[%emt 0:01:30]} 7. Nf3 {[%emt 0:00:30]} b6 {[%emt 0:00:30]} 8. O-O {[%emt 0:08:30]} Ba6 {[%emt 0:00:30]} 9. Re1 {[%emt 0:00:30]} c5 {[%emt 0:00:30]} 10. Ne5 {[%emt 0:02:30]} cxd4 {[%emt 0:01:30]} 11. Ne2 {[%emt 0:02:30]} Bxd3 {[%emt 0:00:30]} 12. Qxd3 {[%emt 0:15:30]} Nbd7 $11 {[%emt 0:07:30]} 13. Nxd4 {[%emt 0:04:30]} Rc8 {[%emt 0:04:30]} 14. Nec6 {[%emt 0:02:30]} Qe8 {[%emt 0:02:30]} 15. Nxa7 {[%emt 0:01:30]} Rc4 {[%emt 0:03:30]} 16. Nab5 {[%emt 0:11:30]} Qb8 {[%emt 0:00:30]} 17. g3 {[%emt 0:04:30]} e5 {[%emt 0:27:30]} 18. fxe5 {[%emt 0:02:30]} Nxe5 {[%emt 0:00:00]} 19. Qf5 {[%emt 0:03:30]} Nc6 {[%emt 0:06:00]} 20. Nxc6 {[%emt 0:01:30]} Rxc6 {[%emt 0:00:00]} 21. Nd4 {[%emt 0:01:30]} Rc4 {[%emt 0:01:00]} 22. c3 {[%emt 0:00:30]} Qd6 {[%emt 0:00:30]} 23. Qe5 {[%emt 0:01:30]} Qd8 {[%emt 0:05:30]} 24. Nf5 {[%emt 0:02:30]} Re8 {[%emt 0:00:30]} 25. Qd6 {[%emt 0:00:30]} Ne4 {[%emt 0:01:30]} 26. Qxd8 {[%emt 0:01:30]} Rxd8 {[%emt 0:00:30]} 27. Rad1 {[%emt 0:01:30]} Kf8 {[%emt 0:03:30]} 28. Kg2 {[%emt 0:03:54]} Nf6 {[%emt 0:01:30]} 29. a3 {[%emt 0:00:50]} g6 {[%emt 0:01:30]} 30. Ne3 {[%emt 0:00:51]} Re4 {[%emt 0:00:30]} 31. f3 {[%emt 0:00:59]} Re6 {[%emt 0:00:30]} 32. Kf2 {[%emt 0:01:04]} h5 {[%emt 0:03:30]} 33. Nc2 {[%emt 0:01:57]} Ke7 {[%emt 0:00:30]} 34. Nb4 {[%emt 0:04:26]} Kd6 {[%emt 0:01:30]} 35. c4 {[%emt 0:03:22]} Kc5 {[%emt 0:04:30]} 36. cxd5 {[%emt 0:00:17]} Nxd5 {[%emt 0:03:17]} 37. Rxd5+ {[%emt 0:03:10]} Rxd5 {[%emt 0:00:25]} 38. Nxd5 {[%emt 0:02:40]} Kxd5 {[%emt 0:00:34]} 39. Rxe6 {[%emt 0:01:08]} fxe6 {[%emt 0:00:17]} 40. Ke3 {[%emt 0:00:24]} Kc4 {[%emt 0:00:25]} 41. Kd2 {[%emt 0:00:45]} e5 {[%emt 0:00:36]} 42. Kc2 {[%emt 0:00:51]} g5 {[%emt 0:00:18]} 43. b3+ {[%emt 0:00:31]} Kd4 {[%emt 0:00:09]} 44. Kd2 {[%emt 0:00:04]} g4 {[%emt 0:00:13]} 45. fxg4 {[%emt 0:00:32]} hxg4 {[%emt 0:00:09]} 46. a4 {[%emt 0:00:14]} Kc5 {[%emt 0:06:19]} 47. Kc3 {[%emt 0:00:27]} Kd5 {[%emt 0:00:11]} 48. b4 {[%emt 0:00:48]} Ke4 {[%emt 0:00:33]} 49. a5 {[%emt 0:00:00]} bxa5 {[%emt 0:01:01]} 50. bxa5 {[%emt 0:00:23]} Kf3 {[%emt 0:01:46]} 51. a6 {[%emt 0:00:12]} 1-0

[Event "25th Bosnjaci Open 2020"]
[Site "Bosnjaci"]
[Date "2020.01.07"]
[Round "4.13"]
[White "Andrijevic, Milan"]
[Black "Caric, Mato"]
[Result "1-0"]
[WhiteElo "2223"]
[BlackElo "2055"]
[Annotator "TA"]
[PlyCount "95"]
[EventDate "2020.01.03"]
[EventType "swiss"]
[EventCountry "CRO"]
[SourceTitle "playchess.com"]
[Source "ChessBase"]
[SourceQuality "1"]

{[%evp 23,95,5,28,-10,-12,-22,-14,-13,0,0,0,0,0,-9,20,6,49,45,51,49,73,74,77,52,85,74,113,113,114,116,116,65,94,85,130,130,130,130,138,116,177,144,172,116,116,116,142,125,245,238,225,235,235,225,230,223,341,346,404,370,479,387,330,18,543,226,3327,3279,1912,1639,29956,29956,29989,29978]} 1. e4 c5 2. Nf3 d6 3. d4 cxd4 4. Nxd4 Nf6 5. Nc3 a6 6. Be2 e5 7. Nb3 Be7 8. Be3 Be6 9. Nd5 Bxd5 10. exd5 Nbd7 11. c4 Rc8 12. O-O O-O 13. f4 $146 {B92: Sicilian Najdorf: 6 Be2} ({Predecessor:} 13. g3 Ne8 14. Qd2 b6 15. Rae1 a5 16. Na1 g6 17. b3 Ng7 18. Bg4 f5 19. Bd1 Ne8 20. f3 Ng7 {½-½ (59) Froeyman,H (2290)-Dauw,S (2192) Gent 2018}) 13... exf4 14. Bxf4 Qb6+ 15. Qd4 {The position is equal.} Rfe8 {[#] And now ...Bd8 would win.} 16. Qxb6 Nxb6 17. Nd2 Bf8 18. Rfe1 h6 19. b3 g5 20. Bg3 $36 {[%mdl 2048] White fights for an advantage.} Nbd7 21. Bd3 Ne5 22. Bf5 Rcd8 23. h3 Nh5 24. Bxe5 dxe5 25. Ne4 Kg7 26. Rf1 Nf4 27. g3 (27. Kh2 $16) 27... Ne2+ 28. Kg2 Nd4 29. Rf2 Be7 30. g4 b6 31. Ng3 Rd6 (31... f6 $16 32. Nh5+ Kg8) 32. Raf1 Rf8 33. Bd3 (33. Nh5+ $18 Kh8 34. Be4) 33... f6 $16 34. Ne4 Rd7 35. b4 f5 (35... b5 $16) 36. gxf5 $18 {Strongly threatening f6+.} Bxb4 {[#]} 37. h4 $1 {[%mdl 512]} gxh4 38. Kh3 b5 39. f6+ ({Don't take} 39. Kxh4 $6 Rc8 $16) 39... Kh8 (39... Kf7 {was called for.} 40. Kxh4 bxc4 41. Bxc4 Rc8 42. Bxa6 Ra8) 40. Rb1 (40. Kxh4 bxc4 41. Bxc4 Rc7 $18) 40... bxc4 41. Bxc4 a5 42. a3 Bxa3 43. Rb6 $2 ({White should try} 43. d6 $18) 43... Rc8 $2 {[%mdl 8192]} (43... Rc7 $11 {and Black has nothing to worry.} 44. Bd3 Rc1) 44. Ba2 (44. f7 $142) 44... Rc2 $2 (44... Rf8 45. d6 (45. Kxh4 Ra7 $16) 45... a4) 45. Rb8+ Kh7 46. Bb1 Rdc7 47. Bxc2 Nxc2 48. d6 {Accuracy: White = 60%, Black = 41%.} 1-0

[Event "25th Bosnjaci Open 2020"]
[Site "Bosnjaci"]
[Date "2020.01.05"]
[Round "4.14"]
[White "Sipic, Hrvoje"]
[Black "Pasalic, Adnan"]
[Result "1-0"]
[WhiteElo "2210"]
[BlackElo "2024"]
[Annotator "NA"]
[PlyCount "69"]
[EventDate "2020.01.03"]
[EventType "swiss"]
[EventCountry "CRO"]
[SourceTitle "playchess.com"]
[Source "ChessBase"]
[SourceQuality "1"]
[TimeControl "5400+30"]

1. Nf3 {[%emt 0:00:30]} d5 {[%emt 0:00:30]} 2. d4 {[%emt 0:00:00]} Nf6 {[%emt 0:00:00]} 3. Bf4 {[%emt 0:00:00]} e6 {[%emt 0:00:00]} 4. e3 {[%emt 0:00:30]} Be7 {[%emt 0:00:30]} 5. Nbd2 {[%emt 0:00:00]} O-O {[%emt 0:00:30]} 6. Bd3 {[%emt 0:00:00]} c5 {[%emt 0:00:30]} 7. c3 {[%emt 0:00:30]} Nbd7 {[%emt 0:01:30]} 8. Ne5 {[%emt 0:01:30]} Re8 {[%emt 0:06:30]} 9. O-O {[%emt 0:09:30]} Nf8 {[%emt 0:05:30]} 10. Bg3 {[%emt 0:15:30]} Ng6 $14 {[%emt 0:05:30]} 11. f4 {[%emt 0:01:30]} Qb6 {[%emt 0:01:30]} 12. Rb1 {[%emt 0:00:30]} Bd7 {[%emt 0:01:30]} 13. Nxd7 {[%emt 0:12:30]} Nxd7 {[%emt 0:00:00]} 14. f5 {[%emt 0:03:30]} exf5 {[%emt 0:03:00]} 15. Rxf5 {[%emt 0:01:30]} Nf6 {[%emt 0:08:30]} 16. Qf3 {[%emt 0:06:30]} Bd6 {[%emt 0:01:30]} 17. h4 {[%emt 0:07:30]} Bxg3 {[%emt 0:04:30]} 18. Qxg3 {[%emt 0:00:30]} Qe6 {[%emt 0:02:30]} 19. Re1 {[%emt 0:05:30]} cxd4 {[%emt 0:01:30]} 20. cxd4 {[%emt 0:00:30]} Ne4 {[%emt 0:01:30]} 21. Bxe4 {[%emt 0:02:30]} dxe4 {[%emt 0:00:30]} 22. Ref1 {[%emt 0:00:30]} Qxa2 {[%emt 0:06:30]} 23. h5 {[%emt 0:03:30]} Nh8 {[%emt 0:02:30]} 24. h6 {[%emt 0:03:30]} Ng6 {[%emt 0:01:30]} 25. hxg7 {[%emt 0:02:30]} Kxg7 {[%emt 0:00:30]} 26. d5 {[%emt 0:07:15]} Rf8 {[%emt 0:04:30]} 27. Nxe4 {[%emt 0:00:49]} Qxb2 {[%emt 0:07:30]} 28. Qc7 {[%emt 0:03:40]} Nh8 {[%emt 0:00:30]} 29. Ng5 {[%emt 0:01:53]} Kg8 {[%emt 0:07:30]} 30. Ne4 {[%emt 0:05:12]} Rac8 {[%emt 0:04:30]} 31. Qg3+ {[%emt 0:00:57]} Ng6 {[%emt 0:00:00]} 32. Nf6+ {[%emt 0:00:27]} Kg7 {[%emt 0:00:00]} 33. Qh3 {[%emt 0:02:28]} h6 {[%emt 0:02:30]} 34. Ng4 {[%emt 0:00:31]} Kg8 {[%emt 0:03:23]} 35. Qxh6 {[%emt 0:00:31]} 1-0

[Event "25th Bosnjaci Open 2020"]
[Site "Bosnjaci"]
[Date "2020.01.06"]
[Round "5.1"]
[White "Zaja, Ivan"]
[Black "Fercec, Nenad"]
[Result "1/2-1/2"]
[WhiteElo "2447"]
[BlackElo "2423"]
[Annotator "RC"]
[PlyCount "84"]
[EventDate "2020.01.03"]
[EventType "swiss"]
[EventCountry "CRO"]
[SourceTitle "playchess.com"]
[Source "ChessBase"]
[SourceQuality "1"]
[TimeControl "5400+30"]

1. d4 {[%emt 0:00:30]} Nf6 {[%emt 0:05:30]} 2. c4 {[%emt 0:00:00]} b6 {[%emt 0:00:00]} 3. f3 {[%emt 0:00:00]} Nc6 {[%emt 0:02:00]} 4. Nc3 {[%emt 0:00:30]} e5 {[%emt 0:01:30]} 5. d5 {[%emt 0:00:00]} Ne7 {[%emt 0:00:30]} 6. g4 {[%emt 0:00:00]} Ng6 {[%emt 0:36:30]} 7. h4 {[%emt 0:01:30]} Be7 {[%emt 0:03:30]} 8. h5 {[%emt 0:02:30]} Nf8 {[%emt 0:03:30]} 9. e3 {[%emt 0:17:30]} h6 {[%emt 0:11:30]} 10. Bd3 {[%emt 0:00:30]} c6 {[%emt 0:05:30]} 11. Nge2 {[%emt 0:06:30]} Bb7 {[%emt 0:00:30]} 12. Bc2 {[%emt 0:07:30]} cxd5 {[%emt 0:01:30]} 13. cxd5 {[%emt 0:00:30]} d6 {[%emt 0:00:00]} 14. Ng3 {[%emt 0:02:30]} N8h7 {[%emt 0:05:53]} 15. Qd3 {[%emt 0:20:30]} a6 {[%emt 0:03:38]} 16. Nf5 {[%emt 0:02:30]} Kf8 {[%emt 0:00:07]} 17. e4 {[%emt 0:11:30]} Nd7 {[%emt 0:01:28]} 18. Nxe7 {[%emt 0:00:00]} Qxe7 {[%emt 0:00:51]} 19. Ne2 {[%emt 0:02:00]} Ng5 {[%emt 0:01:24]} 20. Ng3 {[%emt 0:00:30]} Qf6 {[%emt 0:00:59]} 21. Nf5 {[%emt 0:05:07]} g6 {[%emt 0:07:58]} 22. hxg6 {[%emt 0:03:19]} fxg6 {[%emt 0:00:06]} 23. Bxg5 {[%emt 0:01:51]} hxg5 {[%emt 0:00:06]} 24. Rxh8+ {[%emt 0:00:14]} Qxh8 {[%emt 0:00:06]} 25. Nxd6 {[%emt 0:00:05]} Qh4+ {[%emt 0:00:12]} 26. Kd2 {[%emt 0:00:45]} Qf2+ {[%emt 0:00:07]} 27. Qe2 {[%emt 0:03:43]} Qd4+ {[%emt 0:00:33]} 28. Kc1 {[%emt 0:00:31]} Nc5 {[%emt 0:00:37]} 29. a4 {[%emt 0:03:55]} Ke7 {[%emt 0:01:01]} 30. Nxb7 {[%emt 0:00:03]} Nxb7 {[%emt 0:00:02]} 31. Ra3 {[%emt 0:01:22]} Nc5 {[%emt 0:04:28]} 32. Qd2 {[%emt 0:01:11]} Qg1+ {[%emt 0:00:09]} 33. Bd1 {[%emt 0:00:57]} Rc8 {[%emt 0:02:28]} 34. Kb1 {[%emt 0:01:11]} a5 {[%emt 0:00:10]} 35. Qxg5+ {[%emt 0:00:45]} Kf7 {[%emt 0:00:15]} 36. Qd2 {[%emt 0:00:22]} Rh8 {[%emt 0:00:13]} 37. Re3 {[%emt 0:02:15]} Rh1 {[%emt 0:00:24]} 38. Kc2 {[%emt 0:00:22]} Na6 {[%emt 0:00:50]} 39. Kc1 {[%emt 0:01:58]} Nb4 {[%emt 0:00:21]} 40. d6 {[%emt 0:01:03]} Na2+ {[%emt 0:00:25]} 41. Kb1 {[%emt 0:01:00]} Nb4 {[%emt 0:00:05]} 42. Kc1 {[%emt 0:00:14]} Na2+ {[%emt 0:00:05]} 1/2-1/2